000 00331nam a22001337a 4500
005 20260525105425.0
020 _a9789384568085
082 _a572.86
_bVEE.A
100 _aVeena kumari
_910455
245 _aAppliations of genome characterization
260 _aNew Delhi
_bAgrotech press
_c2025
300 _a256p.
942 _2ddc
_cBK
999 _c759832
_d759832